000 006160000a22001810004500
090 _aAR
_b02664
245 1 0 _aRegional development planning in marginalized andean Latin America examples from Bolivia, Colombia, and Peru
650 1 4 _aPlanes de desarrollo
_992720
650 1 4 _aEconomía regional
_996160
650 1 4 _aOrganizaciones ambientales
_97172
651 4 _dNariño
_pColombia
_992749
651 4 _dOruro
_pBolivia
_992749
651 4 _dCuzco
_pPerú
_992749
041 0 _aInglés
100 1 _aGierhake, Klaus
_915991
942 _cARTICULO
773 1 _tApplied Geography and development
_31282
_q7-24
_d1993
_g24
999 _c11727
_d11727